000 00702nam a2200289Ia 4500
005 20260324125133.0
008 008 260324s9999 xx 000 0 eng d
020 _a9780429250767
037 _aEBOOK
040 _aCRL
040 _beng
040 _cCRL
041 _2eng
041 _aeng
084 _qCRL
100 _aMichael K. Levine
_91153508
245 2 _aA Tale of Two Systems
245 0 _bLean and Agile Software Development for Business Leaders
260 _bTaylor and Francis
260 _c2009
365 _a
365 _b70.99
856 _uhttp://www.taylorfrancis.com/books/9780429250767
942 _cEBOOK
999 _c1771823
_d1771823